|
|
|
|
| LEADER |
00761nam a22001817a 4500 |
| 082 |
|
|
|a 894.M3
|b MUH1/E M0
|
| 100 |
|
|
|a എന് പി മുഹമ്മദ്;
|9 3066
|
| 100 |
|
|
|a N P Muhammed
|9 3072
|
| 240 |
|
|
|a Ennappadam
|
| 245 |
|
|
|a എണ്ണപ്പാടം
|
| 250 |
|
|
|a 1st
|
| 260 |
|
|
|a Thiruvananthapuram;
|b Navadhara Publishing Co-operative Society Ltd;
|c 1980
|
| 300 |
|
|
|a 292p.
|
| 650 |
|
|
|a മലയാളം; മലയാളം നോവല്
|9 3
|
| 650 |
|
|
|a Malayalam; Malayalam Novel; Litrerature; Malayalam Fiction; N P Muhammad
|9 3081
|
| 942 |
|
|
|c BK
|
| 999 |
|
|
|c 31444
|d 31444
|
| 952 |
|
|
|0 0
|1 0
|4 0
|6 894_000000000000000_M3_MUH1_E_M0
|7 0
|8 FIC
|9 34529
|a MAL
|b MAL
|d 2015-05-05
|e 29775
|g 20.00
|l 0
|o 894.M3 MUH1/E M0
|p MAL029775
|r 2015-05-05
|t 1
|w 2015-05-05
|y BK
|